000 00648nam a2200229Ia 4500
003 OSt
005 20221007074810.0
006 a|||||r|||| 00| 0
007 ta
008 221006b |||||||| |||| 00| 0 eng d
024 _a27,459
037 _cTextual
040 _aFLL
_cFLL
_beng
041 _2eng
_aeng
082 _aZ5:88y7, K9;1
100 _aBrinkhorst L.J.
_9693178
245 0 _aJudicial remedies in the European communities
260 _aNetherlands
_bE.E. Kluwer-Deventer Netherlands
_c1969
300 _axxii,1-275p
_ccm.
942 _hZ5:88y7, K9;1
_cTEXL
_2CC
999 _c1153712
_d1153712